02340nam a2200385 i 4500001001000000003000900010005001700019007000300036008004100039020001800080040003000098041000800128082002200136100004900158245016300207264006000370300004300430336002600473337003300499338002800532500006300560505053600623590002601159650003101185700005101216700005501267700004501322700004701367910003701414942001401451952016301465952015201628952015701780999001701937000020653DO-SdBNP20250801111422.0ta100812s2017 dr r 000 0 spa d a9789945452990 aDO-SdBNPbspacBNPHUerda aspa 4a362.29bL869a2221 aLorenzo, David R.d1956-eautor9433954aut.13aEl adicto /cDavid R. Lorenzo ; diagramación, Vanessa Pérez Bueno, Kenny Ramírez Herrera ; corrección, Miguelina Crespo ; prólogo, Roberto Rímoli. 1aSanto Domingo, D. N. :bEditora El nuevo diario,c2017. a373 páginas ;c23 cm.bilistraciones atextobtxt2rdaconten asin mediaciónbn2rdamedia avolumenbnc2rdacarrier aIncluye datos biográficos del autor en la contracubierta aPrólogo,15 -- Introducción, 21 -- Agradecimientos, 23 -- Capítulo 1: El adicto, 25 -- Capítulo 2: Las adicciones y otras enfermedades mentales, 77 Capítulo 3: La drogadicción, 95 -- Capítulo 4: El alcoholismo, 141 -- Capítulo 5: La ludopatía, 179 -- Capítulo 6: La publicidad de las adiciones, 225 -- Capítulo 7: Las recaídas, 245 -- Capítulo 8: El fondo de los adictos, 257 -- Capítulo 9: El suicidio, 267 -- Capítulo 10: La codependencia, 301 -- Capítulo 11: La recuperación del adicto, 335 aInventariado, 2020/VM 4aAbuso de sustancias9503411 aPérez Bueno, Vanesa,ediagramador4di9884391 aRamírez Herrera, Kenny,ediagramador4di.9884401 aCrespo, Miguelina4corrector952150eco.1 aRoberto Rímoli.eprologuista4pr.988460 aValidado. Control de Calidad/MAA 2ddccLBS1 00102ddc56708DSaBNPHUbBNPHUcHDd2020-03-13eDepósito Legall0oBNPHU DS 362.29 L869ap20653-30r2020-06-25te.3w2020-06-25yLBS1ZPréstamo en sala 00102ddc51708PDaBNPHUbBNPHUcHDd2020-03-13eDepósito Legall0oBNPHU PD 362.29 L869ap20653-10r2020-06-25w2020-06-25yLBS1ZNo se presta 00102ddc51708PDaBNPHUbBNPHUcHDd2020-03-13eDepósito Legall0oBNPHU PD 362.29 L869ap20653-20r2020-06-25te.2w2020-06-25yLBS1ZNo se presta c20157d20157